000
00278nam a2200109Ia 4500
008
200302s9999 xx 000 0 und d
100
_a
Betty Edwards
245
_a
Drawing on the Right Side of the Brain
260
_b
Harper Collins Publishers
260
_c
1992
300
_a
254 P.,
999
_c
2188
_d
2188